000 00430nam a2200181Ia 4500
001 10786
005 20260306161857.0
008 260306t1970||||xx |||||||||||||| ||spa||
041 _aESP
082 _a951.05
_bG77
100 _aGray, Jack
_eAUT
245 0 _aLa revolución cultural y la crisis China
260 _c1970
300 _a242 pƔginas :
_c18 cm.
650 _aGEN
654 _aCHU
942 _cLIB
_dJUS
_fJUS
_2ddc
_n
999 _c10786
_d10786